|
|
|
|
| LEADER |
00000cam a2200000 7i4500 |
| 001 |
0000012293 |
| 005 |
20150201.0 |
| 008 |
071212 |
| 020 |
|
|
|a 9837205423
|
| 090 |
0 |
0 |
|a 158.1
|b RUB
|
| 100 |
1 |
|
|a Rubino, Joe
|
| 245 |
1 |
0 |
|a Restore your magnificence :
|b a life-changing guide to reclaiming your self-esteem
|c Joe Rubino
|
| 260 |
|
|
|a Selangor :
|b Golden Books Centre ,
|c 2005
|
| 650 |
|
0 |
|a Self-esteem
|
| 710 |
0 |
|
|a Title
|
| 999 |
|
|
|a 0000934244
|b Book
|c Adult Collection
|e Cawangan Tangkak
|
| 999 |
|
|
|a 0001003524
|b Book
|c Adult Collection
|e Perbadanan Perpustakaan Awam Johor
|
| 999 |
|
|
|a 0001003525
|b Book
|c Adult Collection
|e Perbadanan Perpustakaan Awam Johor
|
| 999 |
|
|
|a 0001003526
|b Book
|c Adult Collection
|e Perbadanan Perpustakaan Awam Johor
|
| 999 |
|
|
|a 0001442465
|b Book
|c Adult Collection
|e Cawangan Tangkak
|